|
|
|
|
| LEADER |
02776nam a22004575i 4500 |
| 001 |
978-88-470-1944-7 |
| 003 |
DE-He213 |
| 005 |
20151204161012.0 |
| 007 |
cr nn 008mamaa |
| 008 |
110425s2011 it | s |||| 0|ita d |
| 020 |
|
|
|a 9788847019447
|9 978-88-470-1944-7
|
| 024 |
7 |
|
|a 10.1007/978-88-470-1944-7
|2 doi
|
| 040 |
|
|
|d GrThAP
|
| 050 |
|
4 |
|a QP34-38
|
| 072 |
|
7 |
|a MFG
|2 bicssc
|
| 072 |
|
7 |
|a MED075000
|2 bisacsh
|
| 082 |
0 |
4 |
|a 612
|2 23
|
| 100 |
1 |
|
|a D’Amato, Luca Colucci.
|e author.
|
| 245 |
1 |
0 |
|a Introduzione alla neurobiologia
|h [electronic resource] :
|b Meccanismi di sviluppo, funzione e malattia del sistema nervoso centrale /
|c by Luca Colucci D’Amato, Umberto di Porzio.
|
| 264 |
|
1 |
|a Milano :
|b Springer Milan,
|c 2011.
|
| 300 |
|
|
|a XII, 196 pagg.
|b online resource.
|
| 336 |
|
|
|a text
|b txt
|2 rdacontent
|
| 337 |
|
|
|a computer
|b c
|2 rdamedia
|
| 338 |
|
|
|a online resource
|b cr
|2 rdacarrier
|
| 347 |
|
|
|a text file
|b PDF
|2 rda
|
| 520 |
|
|
|a Questo volume presenta in modo sintetico, ma esauriente i principi scientifici e gli sviluppi più interessanti della neurobiologia, disciplina complessa e variegata la cui comprensione, più di altre materie, richiede un approccio multidisciplinare. In particolare, gli Autori si sono concentrati su quei meccanismi che presiedono allo sviluppo, al funzionamento e alle alterazioni patologiche del sistema nervoso centrale (SNC) meglio conosciuti e di più recente delucidazione. L’idea è che essi possano rappresentare una base per la comprensione di altri meccanismi attualmente sconosciuti. Il testo indaga in particolare sulla formazione e lo sviluppo del SNC, le tecniche di studio e le implicazioni per le malattie neurologiche, le cellule che compongono il sistema nervoso, le cellule staminali neurali e la neurogenesi, senza tralasciare i principali meccanismi di malattia del cervello. Disegni e tabelle favoriscono la comprensione dei diversi argomenti e la presenza di box dedicati a temi specifici fornisce al lettore spunti per ulteriori approfondimenti. Il testo è un prezioso strumento per studenti, dottorandi di ricerca, medici e specializzandi e consente di seguire l’evoluzione e di comprendere i progressi della neurobiologia.
|
| 650 |
|
0 |
|a Medicine.
|
| 650 |
|
0 |
|a Human physiology.
|
| 650 |
|
0 |
|a Neurosciences.
|
| 650 |
|
0 |
|a Neurology.
|
| 650 |
1 |
4 |
|a Biomedicine.
|
| 650 |
2 |
4 |
|a Human Physiology.
|
| 650 |
2 |
4 |
|a Neurosciences.
|
| 650 |
2 |
4 |
|a Neurology.
|
| 700 |
1 |
|
|a Porzio, Umberto di.
|e author.
|
| 710 |
2 |
|
|a SpringerLink (Online service)
|
| 773 |
0 |
|
|t Springer eBooks
|
| 776 |
0 |
8 |
|i Printed edition:
|z 9788847019430
|
| 856 |
4 |
0 |
|u http://dx.doi.org/10.1007/978-88-470-1944-7
|z Full Text via HEAL-Link
|
| 912 |
|
|
|a ZDB-2-SBL
|
| 950 |
|
|
|a Biomedical and Life Sciences (Springer-11642)
|